| 000 | 00570nam a2200229Ia 4500 | ||
|---|---|---|---|
| 003 | OSt | ||
| 005 | 20220928125006.0 | ||
| 006 | a|||||r|||| 00| 0 | ||
| 007 | ta | ||
| 008 | 220927b |||||||| |||| 00| 0 eng d | ||
| 024 | _a28064 | ||
| 037 | _cTextual | ||
| 040 |
_aSDCL _cSDCL _beng |
||
| 041 |
_2eng _aeng |
||
| 082 | _aO15,2N08,2, L2 | ||
| 100 | _aRaghavan V | ||
| 245 | 0 | _aAnarkali. | |
| 260 |
_aMadras _bSamskrita Ranga _c1972 |
||
| 300 |
_axvi,92p _ccm. |
||
| 942 |
_hO15,2N08,2, L2 _cTEXL _2CC |
||
| 999 |
_c780313 _d780313 |
||